Bon Jovi or Guns N' Roses? - Statistics

General Stats
  • This quiz has been taken 72 times
  • The average score is 32 of 40
Answer Stats
Hint Answer % Correct
It's My Life Bon Jovi
95%
Civil War Guns N' Roses
95%
You Give Love A Bad Name Bon Jovi
93%
Sweet Child O'Mine Guns N' Roses
93%
Livin' On A Prayer Bon Jovi
91%
Knockin' On Heaven's Door Guns N' Roses
91%
Runaway Bon Jovi
89%
Wanted Dead Or Alive Bon Jovi
89%
I'll Be There For You Bon Jovi
89%
Welcome To The Jungle Guns N' Roses
89%
Shot Through The Heart Bon Jovi
88%
Keep The Faith Bon Jovi
88%
Paradise City Guns N' Roses
88%
November Rain Guns N' Roses
88%
Live And Let Die Guns N' Roses
88%
Bad Medicine Bon Jovi
86%
Always Bon Jovi
86%
Born To Be My Baby Bon Jovi
86%
Lay Your Hands On Me Bon Jovi
82%
Nightrain Guns N' Roses
82%
Right Next Door To Hell Guns N' Roses
82%
In These Arms Bon Jovi
81%
Bed Of Roses Bon Jovi
79%
Never Say Goodbye Bon Jovi
77%
Don't Cry Guns N' Roses
77%
Rocket Queen Guns N' Roses
77%
Thank You For Loving Me Bon Jovi
75%
Patience Guns N' Roses
75%
It's So Easy Guns N' Roses
75%
You Could Be Mine Guns N' Roses
72%
So Fine Guns N' Roses
72%
This Ain't A Love Song Bon Jovi
70%
Yesterdays Guns N' Roses
70%
All About Lovin' You Bon Jovi
68%
14 Years Guns N' Roses
68%
Only Lonely Bon Jovi
63%
Living In Sin Bon Jovi
54%
Hey God Bon Jovi
54%
Homebound Train Bon Jovi
51%
Something For The Pain Bon Jovi
42%
No matching quizzes found
Score Distribution
Percent of People with Each Score
Percentile by Number Answered
Your Score History
You have not taken this quiz